Stevenage strains to maintain status (Record no. 74471)

MARC details
000 -LEADER
fixed length control field 01337cab a2200241 4500
001 - CONTROL NUMBER
control field ABS68060
008 - FIXED-LENGTH DATA ELEMENTS--GENERAL INFORMATION
fixed length control field 040719n2004 000 0 eng u
035 ## - SYSTEM CONTROL NUMBER
System control number (Sirsi) u126824
100 ## - MAIN ENTRY--PERSONAL NAME
Personal name Dewar, D.
245 ## - TITLE STATEMENT
Title Stevenage strains to maintain status
260 ## - PUBLICATION, DISTRIBUTION, ETC.
Date of publication, distribution, etc. 2004
490 ## - SERIES STATEMENT
Series statement Planning (for the Natural and Built Environment)
Volume/sequential designation (1576) 2 July 2004, 14-15(2)
520 ## - SUMMARY, ETC.
Summary, etc. Argues that Stevenage, designated as a new town in 1946, is struggling to sustain its momentum in providing adequate affordable housing and employment opportunities. Briefly traces its history as a new town. Refers to the post-war period, the winding up of the Stevenage Development Corporation in 1990, and plans to build new affordable homes in the 1990s and 2000 onwards. A revamp of the town centre is planned. Stevenage BC and English Partnerships have appointed a consortium of Stanhope and ING Real Estate Development UK as the preferred developer. It is expected that the consortium will submit a planning application for a new retail development linking to the existing retail area at the end of 2005.
590 ## - LOCAL NOTE (RLIN)
Local note ABS
650 ## - SUBJECT ADDED ENTRY--TOPICAL TERM
Topical term or geographic name entry element STEVENAGE
650 ## - SUBJECT ADDED ENTRY--TOPICAL TERM
Topical term or geographic name entry element NEW TOWNS
650 ## - SUBJECT ADDED ENTRY--TOPICAL TERM
Topical term or geographic name entry element NEW TOWNS ACT 1946
650 ## - SUBJECT ADDED ENTRY--TOPICAL TERM
Topical term or geographic name entry element PUBLIC TRANSPORT
650 ## - SUBJECT ADDED ENTRY--TOPICAL TERM
Topical term or geographic name entry element Infrastructure
9 (RLIN) 6246
650 ## - SUBJECT ADDED ENTRY--TOPICAL TERM
Topical term or geographic name entry element TOWN CENTRES
690 ## - LOCAL SUBJECT ADDED ENTRY--TOPICAL TERM (OCLC, RLIN)
Topical term or geographic name as entry element REGENERATION
942 ## - ADDED ENTRY ELEMENTS (KOHA)
Suppress in OPAC 0
Holdings
Withdrawn status Lost status Source of classification or shelving scheme Damaged status Not for loan Home library Current library Shelving location Date acquired Total Checkouts Full call number Barcode Date last seen Copy number Price effective from Koha item type
    Dewey Decimal Classification     London London Journal article 19/07/2004   ABS68060 126824-1001 06/08/2019 1 06/08/2019 Journal article